| 000 | 00449nam a22001697a 4500 | ||
|---|---|---|---|
| 003 | NUST-PNEC | ||
| 005 | 20170116180744.0 | ||
| 008 | 150114b xxu||||| |||| 00| 0 eng d | ||
| 040 | _cPNEC | ||
| 082 | _a153.9451 DOG | ||
| 100 |
_91212 _aDogarsons |
||
| 245 |
_aMCQs Mathematics : with solved MCQs model papers for entry tests _cDogarsons |
||
| 260 |
_aLahore : _bDogarsons, |
||
| 300 |
_a340 p. : _c22 cm. |
||
| 650 | _xGeneral | ||
| 942 |
_2ddc _cBK |
||
| 999 |
_c62296 _d62296 |
||